[Event "Leutersdorf Muench Braeu op 08th"]
[Site "Leutersdorf"]
[Date "2003.02.16"]
[Round "9"]
[White "Drossel, Christoph"]
[Black "Gasch, Franziska"]
[Result "0-1"]
[WhiteElo "1366"]
[BlackElo "1526"]
[PlyCount "42"]
[EventDate "2003.02.12"]
[EventType "swiss"]
[EventRounds "9"]
[EventCountry "GER"]
[SourceTitle "CBM 092 Extra"]
[Source "ChessBase"]
[SourceDate "2003.03.07"]
[SourceVersion "1"]
[SourceVersionDate "2003.03.07"]
[SourceQuality "1"]

1. c4 Nf6 2. d4 e5 3. Nf3 e4 4. Ng5 h6 5. Nh3 c6 6. g3 d5 7. cxd5 cxd5 8. e3 Bg4 9. Qa4+ Nc6 10. Bg2 g5 11. Ng1 Bd6 12. f3 Bd7 13. fxe4 Nb4 14. Qb3 Rc8 15. Nc3 dxe4 16. Nge2 Nd3+ 17. Kd2 Bc6 18. Rf1 Qe7 19. Bxe4 Nxe4+ 20. Kxd3 0-0 21. d5 Nc5+ 0-1

[Event "Leutersdorf Muench Braeu op 08th"]
[Site "Leutersdorf"]
[Date "2003.02.15"]
[Round "8"]
[White "Muenchhalfen, Harald"]
[Black "Drossel, Christoph"]
[Result "1-0"]
[WhiteElo "1315"]
[BlackElo "1366"]
[PlyCount "81"]
[EventDate "2003.02.12"]
[EventType "swiss"]
[EventRounds "9"]
[EventCountry "GER"]
[SourceTitle "CBM 092 Extra"]
[Source "ChessBase"]
[SourceDate "2003.03.07"]
[SourceVersion "1"]
[SourceVersionDate "2003.03.07"]
[SourceQuality "1"]

1. d4 c6 2. c4 d5 3. Nc3 Bf5 4. cxd5 cxd5 5. Qb3 Qd7 6. Qxd5 Nf6 7. Qxd7+ Nbxd7 8. Nf3 e6 9. e3 Bb4 10. a3 Bxc3+ 11. bxc3 Rc8 12. Bd2 Ne4 13. c4 0-0 14. h3 Nb6 15. c5 Na4 16. Nh4 Nxd2 17. Kxd2 Rfd8 18. Nxf5 exf5 19. Bd3 g6 20. Rhc1 Nb2 21. Ra2 Nxd3 22. Kxd3 b6 23. Rac2 bxc5 24. Rxc5 Rb8 25. Rc7 Rb3+ 26. R1c3 Rxc3+ 27. Kxc3 Ra8 28. Kc4 Rb8 29. d5 Rb2 30. d6 Kg7 31. d7 Rd2 32. Kc5 Kf8 33. Rc8+ Ke7 34. d8Q+ Rxd8 35. Rxd8 Kxd8 36. Kd6 h6 37. f3 h5 38. h4 Ke8 39. Kc7 Ke7 40. a4 a5 41. Kb6 1-0